Economics : Principles, problems, and policies

The book is organized into nine parts: An Introduction to Economics, and the Economy; National Income, Employment, and Fiscal Policy; Money, Banking, and Monetary Policy; Problems and Controversies in Macroeconomics; Microeconomics of Product Markets; Microeconomics of Government; Microeconomics Iss...

Volledige beschrijving

Bewaard in:
Bibliografische gegevens
Hoofdauteur: McConnell, Campbell R.
Formaat: Boek
Taal:Undetermined
Gepubliceerd in: New York McGraw-Hill 1999
Onderwerpen:
Tags: Voeg label toe
Geen labels, Wees de eerste die dit record labelt!
Thư viện lưu trữ: Trung tâm Học liệu Trường Đại học Cần Thơ
LEADER 00952nam a2200217Ia 4500
001 CTU_32117
008 210402s9999 xx 000 0 und d
020 |c 366000 
082 |a 330 
082 |b M111/1998 
100 |a McConnell, Campbell R. 
245 0 |a Economics : 
245 0 |b Principles, problems, and policies 
245 0 |c Campbell R. McConnell, Stanley L Brue 
260 |a New York 
260 |b McGraw-Hill 
260 |c 1999 
520 |a The book is organized into nine parts: An Introduction to Economics, and the Economy; National Income, Employment, and Fiscal Policy; Money, Banking, and Monetary Policy; Problems and Controversies in Macroeconomics; Microeconomics of Product Markets; Microeconomics of Government; Microeconomics Issues and Policy; and Internatiuonal Economics and the World Economy 
650 |a Economic policy,Economics 
904 |i Minh, Hải 
980 |a Trung tâm Học liệu Trường Đại học Cần Thơ